Úspešná prezentácia na Setkání 2005 v Zlíne sa Prešovčania predstavili rozprávkou

Bibliographic Details
Format: Article
Language:Slovak
ISSN:1336-4030
Subjects:
Online Access:www.vecernik.po.sk

MARC

LEADER 00000nab a2200000 a 4500
001 vtls008299572
003 SK-MaSNL
005 20260304015503.0
008 050928c20050525xo dr n 000 00slo
038 |a SVKPOCL 
040 |a SVKPOCL  |b slo  |c SVKPO  |e AACR2 
041 0 |a slo 
044 |a xo  |c SK 
080 |a 792.091.4  |2 UDC-MRF-SK2 
080 |a 792(437.676)  |2 UDC-MRF-SK2 
245 0 0 |a Úspešná prezentácia  |b na Setkání 2005 v Zlíne sa Prešovčania predstavili rozprávkou  |c [autor] (ado) 
600 1 7 |a Hanzo, Ján,  |d 1972-  |2 svkpocl  |9 246277 
610 2 7 |a Divadlo Jonáša Záborského  |2 svkpocl  |9 29722 
611 2 7 |a Setkání - Stretnutie  |n 10.  |d 2005  |c Zlín, Česko  |2 svkpocl  |9 1296740 
651 7 |a Prešov (Slovensko)  |2 svkpocl  |9 17347 
651 7 |a Zlín (Česko)  |2 svkpocl  |9 29823 
773 0 |t Prešovský večerník  |g Roč. XVI, č. 3718 (25.5.2005), s. 3  |x 1336-4030 
852 |a SVKPO  |b KIS3GCP 
856 4 1 |u www.vecernik.po.sk 
999 |c 2591925  |d 2593855